Ca s'est passé en 2020. - Statistiques

Statistiques générales
  • Ce quiz a été pris 393 fois
  • Le résultat moyen est 7 sur 10
Statistiques - réponses
Questions Réponses % Correct
En janvier, le royaume-Uni quitte officiellement l'union Européenne. C'est ce que l'on appellera le... Brexit
97%
En juillet, en France, son port devient obligatoire dans les lieux publics. le masque
96%
En novembre, il est élu président des États-Unis d'Amérique. Joe Biden
91%
Ville hôte des Jeux Olympiques d'été. Tokyo
80%
Il a remplacé Edouard Philippe en tant que 1er ministre Français. Jean Castex
73%
Chanteur un temps numéro un des ventes grâce à son single "Blinding Lights" The Weeknd
60%
En mai, un citoyen Afro-Américain est tué par un policier lors de son arrestation à Minneapolis, lançant le mouvement "black lives matter". Quels étaient ses nom et prénom. George Floyd
59%
Ce club à remporté le championnat de France 1ère division de football. LOSC
59%
Décès de la chanteuse Belge, interprète de Tata yoyo. Annie Cordy.
50%
Sortie de la 2ème partie d'un jeu vidéo, dans lequel la jeune Ellie va tenter de venger la mort de Joel. The Last of us 2
35%
Aucun quiz correspondant
Distribution des résultats
% des personnes avec chaque résultat
Percentile par nombre de réponses
Votre historique - résultats
Vous n’avez pas pris ce quiz